Statistics for Five Most Democratic Countries by Continent

Click here to take the quiz!

General Stats

  • This quiz has been taken 307 times
  • The average score is 22 of 29

Answer Stats

Continent Score Country % Correct
North America8.11United States
97%
North America9.08Canada
97%
Europe9.93Norway
95%
Europe9.73Sweden
95%
South America7.38Brazil
92%
Europe9.11Denmark
92%
South America7.80Chile
91%
Oceania9.26New Zealand
91%
Oceania9.01Australia
91%
Africa7.82South Africa
90%
South America6.84Argentina
90%
Asia8.08Japan
90%
South America8.17Uruguay
90%
Asia8.06South Korea
88%
Europe9.58Iceland
81%
Oceania5.61Fiji
79%
South America6.77Suriname
77%
North America8.03Costa Rica
73%
Europe9.09Switzerland
72%
North America7.08Panama
70%
Oceania6.03Papua New Guinea
67%
Asia7.92India
65%
Asia7.74Taiwan
64%
North America7.39Jamaica
61%
Asia7.65Israel
57%
Africa7.87Botswana
56%
Africa8.17Mauritius
47%
Africa7.81Cape Verde
41%
Africa6.66Lesotho
35%

Score Distribution

Percentile by Number Answered

Percent of People with Each Score

Your Score History

You have not taken this quiz